| 000 | 00797nam a22002055i 4500 | ||
|---|---|---|---|
| 001 | 151996 | ||
| 003 | ES-MaACL | ||
| 005 | 20250828004908.0 | ||
| 008 | 970717s1889 uy |||| | spa d | ||
| 040 |
_aCAM _bspa _cCAM |
||
| 100 | 1 |
_aBerra, F. A. _928368 |
|
| 245 | 1 | 0 |
_aNotice sur les oeuvres pédagogiques de didactiques / _cexposées par ... F.A. Berra. |
| 260 |
_aMontevideo : _b[s.n.], _c1889 ( _fimprenta Elzeviriana de "La Tribuna Popular") |
||
| 300 |
_a44 p. ; _c22 cm. |
||
| 594 | _aPrecede al tit.: Exposition universelle de Paris, 1889. | ||
| 650 | 0 | 7 |
_aPedagogía _2embne _915904 |
| 711 | 2 |
_aExposición Universal ( _d1889. _cParís) _9135154 |
|
| 852 |
_aES-MaACL _jT-705-F-2 _z-- Enc. hol., conservando la enc. original _z-- Enc. en un vol. facticio |
||
| 999 |
_c151996 _d151996 |
||